000 00413nam a2200157Ia 4500
008 230711s9999||||xx |||||||||||||| ||und||
041 _aENG
082 _a720
_bPO-M
100 _aPollack,Herman W
245 0 _aManufacturing and machine tool operations 
250 _a1st . . Ed.
260 _c1987
_aNew Delhi
_bPrentice-Hall of India Private Limited
300 _a445
650 _aArchitecture
942 _cBK
999 _c2048
_d2048